<?xml version="1.0" encoding="UTF-8"?>
<record
    xmlns:xsi="http://www.w3.org/2001/XMLSchema-instance"
    xsi:schemaLocation="http://www.loc.gov/MARC21/slim http://www.loc.gov/standards/marcxml/schema/MARC21slim.xsd"
    xmlns="http://www.loc.gov/MARC21/slim">

  <leader>03541nam a2200337 a 4500</leader>
  <controlfield tag="003">OSt</controlfield>
  <controlfield tag="005">20260319090342.0</controlfield>
  <controlfield tag="007">cr ||||||a|c|a</controlfield>
  <controlfield tag="008">240815s2023    mx ad||fom||| 001 0 spa d</controlfield>
  <datafield tag="040" ind1=" " ind2=" ">
    <subfield code="e">rda</subfield>
  </datafield>
  <datafield tag="100" ind1="1" ind2=" ">
    <subfield code="a">Ju&#xE1;rez Molina, &#xC1;ngel Arturo</subfield>
    <subfield code="9">189423</subfield>
  </datafield>
  <datafield tag="245" ind1="1" ind2="0">
    <subfield code="a">An&#xE1;lisis de ciclo de vida, caracterizaci&#xF3;n qu&#xED;mica y sensorial como estrategia de valorizaci&#xF3;n de mezcales oaxaque&#xF1;os /</subfield>
    <subfield code="c">por Angel Arturo Ju&#xE1;rez Molina; presidente Anastacio Espejel Garc&#xED;a; secretario Landy Hern&#xE1;ndez Rodr&#xED;guez; vocal Ariadna Isabel Barrera Rodr&#xED;guez; suplente Susana Yareth L&#xF3;pez Garc&#xED;a; suplente Jos&#xE9; Alfredo Espejel Zaragoza</subfield>
  </datafield>
  <datafield tag="264" ind1=" " ind2="1">
    <subfield code="a">Chapingo, M&#xE9;xico :</subfield>
    <subfield code="b">El autor,</subfield>
    <subfield code="c">2023.</subfield>
  </datafield>
  <datafield tag="300" ind1=" " ind2=" ">
    <subfield code="a">1 recurso en l&#xED;nea (96 p&#xE1;ginas):</subfield>
    <subfield code="b">Ilustraciones. cuadros, gr&#xE1;ficas</subfield>
  </datafield>
  <datafield tag="336" ind1=" " ind2=" ">
    <subfield code="2">rdacontent</subfield>
    <subfield code="a">texto</subfield>
    <subfield code="b">txt</subfield>
  </datafield>
  <datafield tag="337" ind1=" " ind2=" ">
    <subfield code="2">rdamedia</subfield>
    <subfield code="a">computadora</subfield>
    <subfield code="b">c</subfield>
  </datafield>
  <datafield tag="338" ind1=" " ind2=" ">
    <subfield code="2">rdacarrier</subfield>
    <subfield code="a">recurso en l&#xED;nea</subfield>
    <subfield code="b">cr</subfield>
  </datafield>
  <datafield tag="502" ind1=" " ind2=" ">
    <subfield code="b">IA</subfield>
    <subfield code="c">Agroindustrias</subfield>
    <subfield code="d">2023.</subfield>
    <subfield code="g">LIC</subfield>
  </datafield>
  <datafield tag="504" ind1=" " ind2=" ">
    <subfield code="a">Incluye referencias bibliogr&#xE1;ficas: p&#xE1;ginas 13-19, 33-34, 55-58, 78-82</subfield>
  </datafield>
  <datafield tag="520" ind1=" " ind2=" ">
    <subfield code="a">El mezcal es una de las principales bebidas destiladas del Agave en M&#xE9;xico, es considerado una bebida espiritual, tradicional y ancestral, con importancia cultural y econ&#xF3;mica para las regiones productoras. Los objetivos de esta investigaci&#xF3;n fueron: evaluar el impacto ambiental de la producci&#xF3;n de mezcal artesanal  comparando dos combustibles en la destilaci&#xF3;n (le&#xF1;a y gas LP) por medio de un  An&#xE1;lisis de Ciclo de Vida; describir sensorial y qu&#xED;micamente a cuatro tipos de  mezcales oaxaque&#xF1;os por medio de las metodolog&#xED;as marque todo lo que  corresponda (CATA) y Perfil Flash en el primer caso y mediante la t&#xE9;cnica de  cromatograf&#xED;a de gases en el segundo; explorar la conceptualizaci&#xF3;n asociada al  mezcal en consumidores de distintos estados de M&#xE9;xico y determinar las variables que influyen en la disposici&#xF3;n a pagar (DAP) un sobreprecio por diferentes tipos de mezcal, mediante una encuesta a consumidores (n=200). El an&#xE1;lisis CATA permiti&#xF3; generar siete t&#xE9;rminos y agrupar a las muestras en dos grupos: por un lado, mezcal artesanal destilado con le&#xF1;a y mezcal ancestral, y por otro, mezcal industrial y mezcal artesanal destilado con gas; el PF permiti&#xF3; describir a las muestras por seis atributos mismos que diferenciaron a las cuatro muestras por separado y no permitieron agruparlas por alg&#xFA;n atributo en com&#xFA;n. Los alcoholes encontrados en las muestras fueron: etanol, metanol y propanol, cuyas concentraciones cumplieron en su totalidad con los par&#xE1;metros dados por la NOM-070-SCFI-2016. Las categor&#xED;as sem&#xE1;nticas con mayor comunalidad fueron: proceso, materia prima e identidad. La proporci&#xF3;n de consumidores que est&#xE1;n dispuestos a pagar un sobreprecio fue del 31 % por mezcal industrial, del 89 % por mezcal artesanal, del 80 % por mezcal ancestral y del 79 % por mezcal producido de manera sustentable.</subfield>
  </datafield>
  <datafield tag="650" ind1=" " ind2="4">
    <subfield code="a">Mezcal</subfield>
    <subfield code="x">Producci&#xF3;n  </subfield>
    <subfield code="9">155015</subfield>
  </datafield>
  <datafield tag="650" ind1=" " ind2="4">
    <subfield code="a">Mezcal</subfield>
    <subfield code="x">Consumo</subfield>
    <subfield code="9">133295</subfield>
  </datafield>
  <datafield tag="650" ind1=" " ind2="4">
    <subfield code="a">Alcoholes et&#xED;licos</subfield>
    <subfield code="x">Propiedades sensoriales  </subfield>
    <subfield code="9">163452</subfield>
  </datafield>
  <datafield tag="700" ind1="1" ind2=" ">
    <subfield code="a">Espejel Garc&#xED;a, Anastacio</subfield>
    <subfield code="9">37809</subfield>
    <subfield code="e">presidente</subfield>
  </datafield>
  <datafield tag="700" ind1="1" ind2=" ">
    <subfield code="a">Hern&#xE1;ndez Rodr&#xED;guez, Landy</subfield>
    <subfield code="9">54548</subfield>
    <subfield code="e">secretario</subfield>
  </datafield>
  <datafield tag="700" ind1="1" ind2=" ">
    <subfield code="a">Barrera Rodriguez, Ariadna Isabel</subfield>
    <subfield code="9">10412</subfield>
    <subfield code="e">vocal</subfield>
  </datafield>
  <datafield tag="700" ind1="1" ind2=" ">
    <subfield code="a">L&#xF3;pez Garc&#xED;a, Susana Yareth</subfield>
    <subfield code="9">188088</subfield>
    <subfield code="e">suplente</subfield>
  </datafield>
  <datafield tag="700" ind1="1" ind2=" ">
    <subfield code="a">Espejel Zaragoza, Jos&#xE9; Alfredo</subfield>
    <subfield code="9">37823</subfield>
    <subfield code="e">suplente</subfield>
  </datafield>
  <datafield tag="856" ind1=" " ind2=" ">
    <subfield code="u">http://10.13.5.2/tesis/tl/1511268-3_JUAREZ_MOLINA_ARTUROANGEL.pdf</subfield>
    <subfield code="z">DESCARGAR PDF</subfield>
  </datafield>
  <datafield tag="942" ind1=" " ind2=" ">
    <subfield code="2">Clasificaci&#xF3;n Universidad Aut&#xF3;noma Chapingo</subfield>
    <subfield code="c">TD</subfield>
  </datafield>
  <datafield tag="999" ind1=" " ind2=" ">
    <subfield code="c">220079</subfield>
    <subfield code="d">220079</subfield>
  </datafield>
  <datafield tag="952" ind1=" " ind2=" ">
    <subfield code="0">0</subfield>
    <subfield code="1">0</subfield>
    <subfield code="2">local</subfield>
    <subfield code="4">0</subfield>
    <subfield code="5">1</subfield>
    <subfield code="7">0</subfield>
    <subfield code="8">TesDigL</subfield>
    <subfield code="a">BD</subfield>
    <subfield code="b">BD</subfield>
    <subfield code="c">E_L</subfield>
    <subfield code="d">2024-08-15</subfield>
    <subfield code="l">0</subfield>
    <subfield code="o">Tesis digital</subfield>
    <subfield code="r">2024-08-15 10:30:56</subfield>
    <subfield code="w">2024-08-15</subfield>
    <subfield code="y">TD</subfield>
  </datafield>
</record>
